Verfassungslehre

Uloženo v:
Podrobná bibliografie
Hlavní autor: Schmitt, Carl, 1888-1985 (Autor)
Médium: Kniha
Jazyk:němčina
Vydáno: Berlín Duncker und Humblot 1970
Témata:
Tagy: Přidat tag
Žádné tagy, Buďte první, kdo vytvoří štítek k tomuto záznamu!

MARC

LEADER 00000nam a2200000 a 4500
001 UCV2115
003 CL-VaPUC
008 911030e19700000GW |||||||||||||||||ger|d
082 0 4 |a 342  |b SCH  |2 21 
100 |a Schmitt, Carl,  |d 1888-1985  |e author  |9 258380 
245 1 0 |a Verfassungslehre 
300 |a 403 p 
942 |c BK 
945 |d 19911030 00:00:00 
260 |a Berlín  |b Duncker und Humblot  |c 1970 
650 0 |a Derecho público   |9 255910 
650 0 |a Derecho constitucional   |9 222588 
651 0 |a Alemania  |9 255688 
583 |a last modification  |c 19911030 00:00:00  |k Rodrigo Vera 
999 |c 209799  |d 209797 
952 |0 0  |1 0  |4 0  |6 342_000000000000000_SCH_1970  |7 0  |8 A  |9 185560  |a BIBDER  |b BIBDER  |d 2019-11-14  |i 2530317  |l 1  |m 4  |o 342 SCH 1970  |p 2530317  |q 2025-12-31  |r 2020-03-13  |s 2020-03-13  |w 2019-11-14  |y BK  |k DER